000 00811nam a22002297a 4500
001 1323011
003 OSt
005 20220222020948.0
008 160801b xxu||||| |||| 00| 0 eng d
010 _a 78104734
040 _aMMU
_cMMU
_dMMU
_beng
050 0 0 _aPR2754
_b.C5 1978
100 1 _aShakespeare, William,
_d1564-1616.
245 1 4 _aThe plays and sonnets :
_cedited by William George Clarke [i.e. Clark] and William Aldis Wright ; with ill. by William Oakes.
_bThe Great books of the Western World /
250 _aLimited ed.
260 _aFranklin Center, Pa. :
_bFranklin Library,
_c1978-1983, c1952.
300 _a7 v. :
_bill. ;
_c25 cm.
650 _aThe Great books
700 1 _aClark, William George,
_d1821-1878.
700 1 _aWright, William Aldis,
_d1831-1914.
942 _2lcc
_cLOAN LOAN
999 _c18486
_d18486